000
00324nam a22001337a 4500
008
250806b |||||||| |||| 00| 0 eng d
020
_a
0517574780
050
_a
HD 58.8
_b
.B45
100
_a
BELASCO JAMES
245
_a
TEACHING THE ELEPHANT TO DANCE
260
_a
USA
_b
JAMES A BELASCO
_c
1990
300
_a
276p.
942
_c
BK
999
_c
4434
_d
4434